Economic growth in India: history and prospect (Record no. 442444)

000 -LEADER
fixed length control field 00416cam a22001337a 4500
008 - FIXED-LENGTH DATA ELEMENTS--GENERAL INFORMATION
fixed length control field 180718b2010 xxu||||| |||| 00| 0 eng d
020 ## - INTERNATIONAL STANDARD BOOK NUMBER
International Standard Book Number 0198065477
082 ## - DEWEY DECIMAL CLASSIFICATION NUMBER
Classification number T1x54 B182e
100 ## - MAIN ENTRY--PERSONAL NAME
Personal name Balakrishnan, Pulapre
245 ## - TITLE STATEMENT
Title Economic growth in India: history and prospect
Statement of responsibility, etc. by Pulapre Balakrishnan
260 ## - PUBLICATION, DISTRIBUTION, ETC.
Place of publication, distribution, etc. New Delhi
Name of publisher, distributor, etc. Oxford Univ. Press
Date of publication, distribution, etc. 2010
300 ## - PHYSICAL DESCRIPTION
Extent 289p.
650 ## - SUBJECT ADDED ENTRY--TOPICAL TERM
Topical term or geographic name entry element India --Economic conditions --1947-
Holdings
Withdrawn status Lost status Damaged status Not for loan Permanent Location Current Location Date acquired Total Checkouts Full call number Barcode Date last seen Date last checked out Price effective from Koha item type
        Indian Institute of Public Administration Indian Institute of Public Administration 2012-01-17 1 T1x54 B182e 84523 2020-08-26 2020-08-19 2018-07-21 Book

Powered by Koha